02188cam a2200361 i 4500001001900000003000600019005001700025008004100042015001900083016001800102020002800120035002100148035002600169035001800195040004200213042001100255245015000266264004900416300005500465490003100520500002000551520088300571650001501454700003801469700005001507700004201557700004001599700003901639830003101678942000801709952009401717999001501811990207874300107026UkOxU20250709141413.0161101s2017 enka 001 0 eng d aGBB7005572bnb7 a0181633392Uk a9780241239018qhardback a(UkOxU)020787430 a(UkOxU)020787430BIB01 a(Uk)018163339 aStDuBDSbengerdacStDuBDSdUkdUkOxU aukblsr04aThe art book c/ contributors, Caroline Bugler [and four others] ; editors, Richard Gilbert, Diana Loxley, Kirsty Seymour-Ure, Marek Walisiewicz. 1aLondon :bDorling Kindersley Limited,c2017. a352 pages :billustrations (some colour) ;c24 cm.1 aBig ideas simply explained aIncludes index. aThe Art Book is a captivating introduction to painting, drawing, printing, sculpture, conceptual art, and performance art - from ancient history to the modern day - aimed at adults with an interest in the subject and students wanting to gain more of an overview. Here you'll discover more than 80 of the world's most groundbreaking artworks by history's most influential painters, sculptors and artists, through exciting text and bold graphics. This fresh new guide examines the ideas that inspired masterpieces by Van Gogh, Rembrandt, Klimt, Matisse, Picasso, and dozens more! If you thought it was difficult to learn about the defining movements, The Art Book presents key information in a clear layout. Find out about subject matters, techniques, and materials, and learn about the talented artists behind the great works, through superb mind maps and step-by-step summaries. 0a Art97879 aBugler, Caroline,eauthor.925092 aGilbert, Richardc(Freelance editor)eeditor. aLoxley, Diana,d1957-eeditor.925093 aSeymour-Ure, Kirstyeeditor.925094 aWalisiewicz, Marekeeditor.925095 0aBig ideas simply explained 2lcc 00102lcc4070aTBSbTBSd2025-03-31l0oN5300 ARTpB07515r2025-12-12t1w2025-03-31y1 c4614d4614